understanding the world economy (Record no. 2174)
[ view plain ]
| 000 -LEADER | |
|---|---|
| fixed length control field | 00721nac a22002171u 4500 |
| 010 ## - LIBRARY OF CONGRESS CONTROL NUMBER | |
| LC control number | 013447479 |
| 020 ## - INTERNATIONAL STANDARD BOOK NUMBER | |
| International Standard Book Number | 9780415771054 |
| 028 ## - PUBLISHER NUMBER | |
| Source | wwww.lib.uk |
| 082 ## - DEWEY DECIMAL CLASSIFICATION NUMBER | |
| Classification number | 337 |
| Item number | C582 |
| 090 ## - LOCALLY ASSIGNED LC-TYPE CALL NUMBER (OCLC); LOCAL CALL NUMBER (OCLC) | |
| -- | 2174 |
| -- | 2174 |
| 100 ## - MAIN ENTRY--PERSONAL NAME | |
| Personal name | cleaver, tony |
| 245 ## - TITLE STATEMENT | |
| Title | understanding the world economy |
| Statement of responsibility, etc | tony cleaver |
| 250 ## - EDITION STATEMENT | |
| Edition statement | 3rd ed. |
| 260 ## - PUBLICATION, DISTRIBUTION, ETC. (IMPRINT) | |
| Place of publication, distribution, etc | london , new york |
| Name of publisher, distributor, etc | routledge,2007 |
| Date of publication, distribution, etc | 2007 |
| 300 ## - PHYSICAL DESCRIPTION | |
| Extent | 270 p. ; |
| Dimensions | 24 cm. |
| 440 ## - | |
| -- | understanding the world economy |
| 504 ## - BIBLIOGRAPHY, ETC. NOTE | |
| Bibliography, etc | Includes bibliographical references and index |
| 600 ## - SUBJECT ADDED ENTRY--PERSONAL NAME | |
| Personal name | tony cleaver |
| 942 ## - ADDED ENTRY ELEMENTS (KOHA) | |
| Item type | Book - Borrowing |
| Call number prefix | 337C582 |
| Withdrawn status | Item status | Damaged status | Not for loan | Home library | Current library | Shelving location | Date acquired | Source of acquisition | Total Checkouts | Total Renewals | Full call number | Barcode | Date last seen | Date last borrowed | Cost, replacement price | Koha item type |
|---|---|---|---|---|---|---|---|---|---|---|---|---|---|---|---|---|
| Central Library | Central Library | First floor | 07/02/2012 | Purchase | 6 | 17 | 337 CLE | 000002214 | 15/07/2025 | 09/10/2022 | 343.60 | Book - Borrowing |